000 00308nmm a2200097Ia 4500
008 220120s9999||||xx |||||||||||||||||und||
020 _a81-7808-285-3
100 _aChandrupatla, Tirupathi R and Belegundu, Ashok D
245 0 _aIntroduction to finite elements in engineering
260 _aTata mcgraw hill
_bDelhi
999 _c139509
_d139509